[Event "Hoersching op 1st"]
[Site "Hoersching"]
[Date "2013.03.24"]
[Round "3"]
[White "Luger, Andreas"]
[Black "Siedl, Peter"]
[Result "1/2-1/2"]
[WhiteElo "1805"]
[BlackElo "1675"]
[PlyCount "69"]
[EventDate "2013.03.22"]
[EventType "swiss"]
[EventRounds "7"]
[EventCountry "AUT"]
[SourceTitle "CBM 153 Extra"]
[Source "ChessBase"]
[SourceDate "2013.04.22"]
[SourceVersion "1"]
[SourceVersionDate "2013.04.22"]
[SourceQuality "1"]

1. e4 b6 2. Nc3 Bb7 3. d4 e6 4. Nf3 Bb4 5. a3 Bxc3+ 6. bxc3 Bxe4 7. Bc4 d5 8. Bb3 Nf6 9. Ba4+ c6 10. Ne5 b5 11. Bb3 Nfd7 12. Qg4 Nxe5 13. dxe5 Bg6 14. a4 Nd7 15. Qg3 Qc7 16. f4 Nc5 17. 0-0 0-0 18. axb5 cxb5 19. Bb2 Rfc8 20. Rae1 Ne4 21. Qh4 Qc5+ 22. Kh1 a5 23. g4 Nd2 24. f5 Nxf1 25. fxg6 Ng3+ 26. Qxg3 hxg6 27. h4 a4 28. Ba2 a3 29. Ba1 Ra4 30. Bb3 Raa8 31. Qf4 Qe7 32. Qf2 Qc5 33. Qf4 Qe7 34. Qf2 Qc5 35. Qf4 1/2-1/2

[Event "Steyr op"]
[Site "Steyr"]
[Date "2012.09.02"]
[Round "7"]
[White "Radic, Patrik"]
[Black "Siedl, Peter"]
[Result "1-0"]
[WhiteElo "1702"]
[BlackElo "1645"]
[PlyCount "29"]
[EventDate "2012.08.27"]
[EventType "swiss"]
[EventRounds "7"]
[EventCountry "AUT"]
[SourceTitle "CBM 150 Extra"]
[Source "ChessBase"]
[SourceDate "2012.10.19"]
[SourceVersion "1"]
[SourceVersionDate "2012.10.19"]
[SourceQuality "1"]

1. e4 b6 2. Bc4 Bb7 3. Nc3 e6 4. d3 f5 5. exf5 Bxg2 6. Qh5+ g6 7. fxg6 Bg7 8. gxh7+ Kf8 9. hxg8Q+ Kxg8 10. Qg6 Bxh1 11. Bg5 Qf8 12. f3 Rxh2 13. Ne4 Qf7 14. Nf6+ Kh8 15. Qxf7 1-0

[Event "Wch Seniors 08th"]
[Site "Grieskirchen"]
[Date "1998.11.10"]
[Round "2"]
[White "Robitsch, Hermann"]
[Black "Siedl, Peter"]
[Result "1-0"]
[WhiteElo "2038"]
[BlackElo "1682"]
[PlyCount "79"]
[EventDate "1998.11.08"]
[EventType "swiss"]
[EventRounds "11"]
[EventCountry "AUT"]
[SourceTitle "CBM 067 Extra"]
[Source "ChessBase"]
[SourceDate "1999.01.01"]
[SourceVersion "1"]
[SourceVersionDate "1999.01.01"]
[SourceQuality "1"]

1. e4 b6 2. d4 e6 3. Nf3 Bb7 4. Bd3 c5 5. 0-0 cxd4 6. Nxd4 Nc6 7. Nxc6 Bxc6 8. Nc3 Nf6 9. e5 Nd5 10. Nxd5 Bxd5 11. Qh5 g6 12. Qe2 Bg7 13. f4 0-0 14. Be3 f6 15. Bd4 fxe5 16. Bxe5 Bxe5 17. Qxe5 Qf6 18. Qxf6 Rxf6 19. a3 a5 20. Rad1 Bc6 21. g3 b5 22. Rde1 b4 23. axb4 axb4 24. Ra1 Rff8 25. Kf2 e5 26. Rxa8 Bxa8 27. Ke3 exf4+ 28. Rxf4 Rxf4 29. Kxf4 d6 30. Be4 g5+ 31. Kf5 Bxe4+ 32. Kxe4 Kf7 33. Kd5 Ke7 34. Kc4 b3 35. cxb3 g4 36. Kd5 Kd7 37. b4 Kc7 38. b5 h6 39. b6+ Kxb6 40. Kxd6 1-0